[Event "42nd WGM"]
[Site "Belgrade SRB"]
[Date "2010.03.09"]
[Round "7"]
[White "Petrovic,Mari"]
[Black "Stefanidi,M1"]
[Result "1-0"]
[WhiteElo "2182"]
[BlackElo "2125"]
[EventDate "2010.03.03"]

1. d4 Nf6 2. Nf3 e6 3. e3 Be7 4. Bd3 O-O 5. O-O c5 6. b3 b6 7. Bb2 Bb7 8.
Nbd2 d5 9. Ne5 Nbd7 10. f4 Rc8 11. Qe2 Ne4 12. f5 exf5 13. Rxf5 g6 14. Rff1
Nxd2 15. Qxd2 Nxe5 16. dxe5 c4 17. Be2 b5 18. Bd4 Bc5 19. Rf6 Be7 20. Raf1
Rc6 21. Bg4 Bxf6 22. exf6 Re8 23. Qf2 h6 24. h4 Bc8 25. Bf3 Rxf6 26. Bxf6
Qxf6 27. Bxd5 Qxf2+ 28. Kxf2 cxb3 29. axb3 Re5 30. e4 Kg7 31. Ke3 f5 32.
Kd4 Kf6 33. g4 Re7 34. h5 f4 35. Rxf4+ Kg5 36. Rf7 Rxf7 37. Bxf7 Bxg4 38.
hxg6 Bh5 39. c4 bxc4 40. bxc4 Bxg6 41. Bxg6 Kxg6 42. c5 Kf7 43. c6 Ke7 44.
e5 Ke6 45. Kc5 h5 46. Kb5 h4 47. Ka6 Kxe5 48. c7 Kf4 49. c8=Q Kg3 50. Qc1
Kh2 51. Qf4+ Kh3 52. Qg5 1-0

[Event "42nd WGM"]
[Site "Belgrade SRB"]
[Date "2010.03.09"]
[Round "7"]
[White "Miladinovic,L"]
[Black "Petrenko,S"]
[Result "0-1"]
[WhiteElo "2038"]
[BlackElo "2268"]
[EventDate "2010.03.03"]

1. e4 e5 2. Nf3 Nc6 3. d4 exd4 4. Nxd4 Bc5 5. Be3 Qf6 6. c3 Nge7 7. g3 O-O
8. Bg2 Ne5 9. Qe2 d6 10. h3 Bb6 11. f4 N5c6 12. Qf2 Nxd4 13. Bxd4 Bxd4 14.
Qxd4 Qh6 15. Nd2 Nc6 16. Qf2 f5 17. O-O-O Be6 18. Kb1 a5 19. Rhf1 a4 20. g4
fxg4 21. hxg4 Bxg4 22. Rc1 Be6 23. f5 Ne5 24. Qe2 Bf7 25. Rh1 Qf6 26. Bf3
a3 27. b3 h6 28. Bh5 d5 29. Bxf7+ Rxf7 30. Rhf1 c6 31. Qe3 Nd7 32. Qf3 Ra5
33. Qg2 Rc5 34. Qh3 d4 35. Nc4 b5 36. e5 Nxe5 37. Nxe5 Rxe5 38. cxd4 Rd5
39. Rcd1 Rxd4 40. Rc1 Rd1 41. Qg2 Rxc1+ 42. Rxc1 Qxf5+ 43. Ka1 b4 44. Qxc6
Qe5+ 45. Kb1 Qb2+ 0-1

[Event "42nd WGM"]
[Site "Belgrade SRB"]
[Date "2010.03.09"]
[Round "7"]
[White "Voiska,M"]
[Black "Maksimovic,S"]
[Result "1/2-1/2"]
[WhiteElo "2320"]
[BlackElo "2272"]
[EventDate "2010.03.03"]

1. d4 Nf6 2. c4 e6 3. g3 Bb4+ 4. Bd2 Qe7 5. Bg2 O-O 6. Nc3 d6 7. Nf3 Bxc3
8. Bxc3 Ne4 9. Rc1 Nxc3 10. Rxc3 e5 11. O-O Nc6 12. d5 Nb8 13. Qc2 a5 14.
c5 Na6 15. cxd6 cxd6 16. Rc1 Bd7 17. Qd2 1/2-1/2

[Event "42nd WGM"]
[Site "Belgrade SRB"]
[Date "2010.03.10"]
[Round "8"]
[White "Boric,E"]
[Black "Maksimovic,S"]
[Result "1-0"]
[WhiteElo "2263"]
[BlackElo "2272"]
[EventDate "2010.03.03"]

1. e4 c5 2. f4 Nc6 3. Nf3 g6 4. g3 d5 5. e5 d4 6. d3 h5 7. Nbd2 Nh6 8. Ne4
Bg4 9. h3 Bxf3 10. Qxf3 Nf5 11. Bg2 Qc7 12. O-O e6 13. Nf6+ Kd8 14. a3 Be7
15. Bd2 Kc8 16. b4 Ne3 17. Bxe3 dxe3 18. c3 h4 19. g4 g5 20. b5 Na5 21.
Qxe3 Bxf6 22. exf6 gxf4 23. Rxf4 Qd6 24. g5 Kc7 25. Ra4 Kb6 26. d4 Rac8 27.
Rb1 Rhd8 28. Kh1 Qg3 29. Qe4 Rd5 30. g6 cxd4 31. Rxd4 Re5 32. Qxh4 Qxg6 33.
Rbd1 a6 34. Rd6+ Ka7 35. Qd4+ Rec5 36. b6+ Ka8 37. Qxc5 1-0

[Event "42nd WGM"]
[Site "Belgrade SRB"]
[Date "2010.03.10"]
[Round "8"]
[White "Petrenko,S"]
[Black "Voiska,M"]
[Result "0-1"]
[WhiteElo "2268"]
[BlackElo "2320"]
[EventDate "2010.03.03"]

1. e4 c5 2. Nf3 Nc6 3. d4 cxd4 4. Nxd4 e5 5. Nb5 d6 6. c4 Be7 7. N1c3 a6 8.
Na3 Be6 9. Bd3 Bg5 10. Nd5 Bxc1 11. Rxc1 Nf6 12. O-O O-O 13. Nc2 Rc8 14.
Kh1 Bxd5 15. exd5 Ne7 16. Ne3 Qa5 17. Bb1 b5 18. b3 bxc4 19. bxc4 Qc5 20.
Qf3 Rfe8 21. g4 Ng6 22. g5 Nd7 23. h4 Ndf8 24. Nf5 Ne7 25. Nh6+ gxh6 26.
gxh6 Nxd5 27. Rg1+ Ng6 28. h5 e4 29. Bxe4 Rxe4 30. hxg6 Rh4+ 31. Kg2 Nf4+
32. Kf1 fxg6 33. Qe4 Qa3 34. Rd1 Qh3+ 35. Ke1 Qe6 36. Qxe6+ Nxe6 37. Rxd6
Re4+ 38. Kd2 Rcxc4 39. Rxa6 Red4+ 40. Ke2 Rc2+ 41. Ke3 Rc3+ 0-1

[Event "42nd WGM"]
[Site "Belgrade SRB"]
[Date "2010.03.10"]
[Round "8"]
[White "Stefanidi,M1"]
[Black "Benderac,A"]
[Result "0-1"]
[WhiteElo "2125"]
[BlackElo "2299"]
[EventDate "2010.03.03"]

1. e4 e6 2. d4 d5 3. Nd2 c5 4. c3 cxd4 5. cxd4 dxe4 6. Nxe4 Bb4+ 7. Nc3 Nc6
8. Bb5 Qb6 9. Bxc6+ Qxc6 10. Qf3 Bd7 11. Bd2 Ne7 12. Qxc6 Bxc6 13. Nge2
Bxg2 14. Rg1 Bc6 15. Rxg7 Ng6 16. O-O-O Bf8 17. Bh6 Ne7 18. d5 Bxd5 19. Nf4
Bxg7 20. Bxg7 Rg8 21. Bf6 Rc8 22. Kb1 Rg4 23. Nh5 Bf3 24. Re1 Rg6 25. Nb5
Bxh5 26. Nd6+ Kd7 27. Bxe7 Rb8 0-1

[Event "42nd WGM"]
[Site "Belgrade SRB"]
[Date "2010.03.10"]
[Round "8"]
[White "Grabuzova,T"]
[Black "Petrovic,Mari"]
[Result "1-0"]
[WhiteElo "2347"]
[BlackElo "2182"]
[EventDate "2010.03.03"]

1. d4 Nf6 2. c4 d6 3. Nc3 g6 4. e4 Bg7 5. h3 O-O 6. Nf3 Na6 7. Bg5 Qe8 8.
e5 Nd7 9. exd6 cxd6 10. Qd2 e5 11. O-O-O exd4 12. Nxd4 Ndc5 13. Ndb5 Ne4
14. Nxe4 Qxe4 15. Nxd6 Qc6 16. Bh6 Be6 17. Bxg7 Kxg7 18. Qd4+ f6 19. Qe4
Qxe4 20. Nxe4 Rac8 21. Nd6 Rc7 22. Be2 Nb4 23. a3 Nc6 24. Rhe1 a6 25. Kb1
Na5 26. b4 Nc6 27. Bf3 Bg8 28. Ne8+ Rxe8 29. Rxe8 Bxc4 30. Bxc6 bxc6 31.
Rdd8 Bd5 32. g3 Bf7 33. Rc8 Rb7 34. Red8 Bd5 35. Rb8 Re7 36. Re8 Rd7 37.
Ra8 Bc4 38. Rad8 Rb7 39. Kc2 h5 40. Kc3 Bd5 41. Ra8 Kf7 42. Re3 h4 43. gxh4
f5 44. f4 Bg2 45. Rxa6 Rd7 46. Rg3 Be4 47. b5 cxb5 48. Raxg6 Rc7+ 49. Kb4
Rc1 50. Rg7+ Kf8 51. h5 Rc6 52. Rg8+ Kf7 53. R3g7+ Kf6 54. Rg6+ Kf7 55.
Rxc6 Kxg8 56. Rg6+ Kh7 57. Kxb5 1-0

[Event "42nd WGM"]
[Site "Belgrade SRB"]
[Date "2010.03.11"]
[Round "9"]
[White "Petrovic,Mari"]
[Black "Boric,E"]
[Result "0-1"]
[WhiteElo "2182"]
[BlackElo "2263"]
[EventDate "2010.03.03"]

1. d4 f5 2. Nc3 Nf6 3. Bg5 d5 4. Bxf6 exf6 5. e3 Be6 6. Qf3 Qd7 7. Bd3 Nc6
8. a3 O-O-O 9. Nge2 g5 10. g3 h6 11. Qg2 Kb8 12. O-O-O Be7 13. h4 a6 14.
Rh2 Ka7 15. Rdh1 Bf8 16. Qf1 Rg8 17. Qe1 Bf7 18. Nb1 Re8 19. Qc3 Bh5 20.
Ng1 Bg6 21. Nf3 f4 22. hxg5 fxg3 23. Bxg6 Rxg6 24. Qd3 Rg8 25. fxg3 fxg5
26. Nbd2 Qe6 27. Re2 Bd6 28. Rg1 Rgf8 29. e4 Qg6 30. c4 dxe4 31. Nxe4 Kb8
32. c5 Rxf3 33. Qxf3 Nxd4 34. Qd3 Nxe2+ 35. Qxe2 Rxe4 36. Qc2 Bxg3 37. Qc3
Bf4+ 38. Kd1 Re8 0-1

[Event "42nd WGM"]
[Site "Belgrade SRB"]
[Date "2010.03.11"]
[Round "9"]
[White "Benderac,A"]
[Black "Grabuzova,T"]
[Result "1/2-1/2"]
[WhiteElo "2299"]
[BlackElo "2347"]
[EventDate "2010.03.03"]

1. d4 e6 2. Nf3 f5 3. c4 Nf6 4. Nc3 b6 5. Bg5 Bb7 6. e3 Bb4 7. a3 Bxc3+ 8.
bxc3 O-O 9. Be2 h6 10. Bxf6 Qxf6 11. Qc2 1/2-1/2